000 00540nam a22001937a 4500
003 KOHA_MİRAKIL
005 20251127090528.0
008 251127b tu ||||| |||| 00| 0 tur d
020 _a9789750756788
040 _aTR-AnABB
_btur
_cTR-AnABB
041 _atur
082 _a843.8
_bDUM 2024
100 1 _aDumas, Alexandre,
245 1 0 _aKamelyalı kadın /
_cAlexandre Dumas
260 _aİstanbul :
_bCan Sanat Yayınları,
_c2024
300 _a224 sayfa ;
_c20 cm
650 0 4 _aFransız edebiyatı, roman
942 _2ddc
_cBK
999 _c9657
_d9657
900 _bGizem YORULMAZ